|
|
|
|
| LEADER |
00773naa a2200205 i 4500 |
| 001 |
publ31697 |
| 005 |
20240522082152.0 |
| 008 |
240522s2023 hu o 000 eng d |
| 020 |
|
|
|a 9788022551182
|
| 024 |
7 |
|
|a 34864619
|2 mtmt
|
| 040 |
|
|
|a SZTE Publicatio Repozitórium
|b hun
|
| 041 |
|
|
|a eng
|
| 100 |
1 |
|
|a Kószó Richárd
|
| 245 |
1 |
4 |
|a The Swedish model of the new regionalism and its applicability in Hungary
|h [elektronikus dokumentum] /
|c Kószó Richárd
|
| 260 |
|
|
|a Publishing House Ekonóm
|b Bratislava
|c 2023
|
| 300 |
|
|
|a 23
|
| 300 |
|
|
|a 62-84
|
| 490 |
0 |
|
|a Proceedings : 11th Central European Winter Seminar of Regional Science
|
| 650 |
|
4 |
|a Politikatudomány
|
| 856 |
4 |
0 |
|u http://publicatio.bibl.u-szeged.hu/31697/1/11_ws_proceedings_final1megjelent.pdf
|z Dokumentum-elérés
|